| 000 | 00870nam a22002657a 4500 | ||
|---|---|---|---|
| 003 | EG-ScBUE | ||
| 005 | 20220530115717.0 | ||
| 008 | 140610s2004 enkoe f 000 0 eng d | ||
| 020 | _a9789604031184 | ||
| 020 | _z960403118X | ||
| 040 |
_aEG-ScBUE _beng _erda _cEG-ScBUE _dEG-ScBUE |
||
| 082 | 0 | 4 |
_222 _a428.24 _bADA |
| 100 | 1 |
_935990 _aAdams, Dorothy, _eauthor. |
|
| 245 | 1 | 0 |
_aLink : _bpre-intermediate : test book / _cDorothy Adams. |
| 264 | 1 |
_aOxford, England ; _aAthens, Greece : _bNew Editions, _c2004. |
|
| 300 |
_a52 pages : _bphotographs, plans ; _c29 cm |
||
| 336 |
_2rdacontent _atext _btxt |
||
| 337 |
_2rdamedia _aunmediated _bn |
||
| 338 |
_2rdacarrier _avolume _bnc |
||
| 650 | 7 |
_aEnglish language _vTextbooks for foreign speakers. _2BUEsh |
|
| 651 | _2BUEsh | ||
| 653 |
_cJune2014 _bHHUUEENN |
||
| 655 |
_vReading book _934232 |
||
| 942 |
_2ddc _k428.24 ADA _cBB |
||
| 999 |
_c18289 _d18261 |
||